000 00645nam a2200253 a 4500
999 _c9882
_d9882
001 9882
003 BD-JhCC
005 20180529141956.0
008 180402r19081963e |||| |||| 001 0 eng d
035 _a(BD-JhCC)9882
040 _aBD-JhCC
_dBD-JhCC
041 _aeng
082 _a510
_bHAR 1963
100 _aHardy, G.H
245 _aA course of pure mathematics /
_cG.H. Hardy
250 _aTenth edition
260 _aLONDON :
_bThe Syndics Of The Cambridge University Press ;
_c1963.
300 _a509 p. :
_c18 CM.
504 _aIncludes index
650 _aMathematics
650 _aCalculus
942 _2ddc
_cBK